LEADER 01406nam a2200301 i 4500 001 000000037363 003 CaOOAMICUS 005 20130930000000.0 008 130930s1991 it u000 u ita u 013 $a7621 020 $a88-399-0702-5 040 $aSeMil$bita 100 1 $aMancini, Roberto,$d<1958- >.$0(OLS)http://semarc/name/2634 245 10$aComunicazione come ecumene :$bil significato antropologico e teologico dell'etica comunicativa /$cRoberto Mancini. 260 $aBrescia :$bQueriniana,$ccopyr. 1991. 300 $a152 p. ;$c20 cm. 490 0 $aGiornale di teologia ;$v202 650 4$aTeologia contemporanea.$0(OLS)http://semarc/subject/1194 650 4$aTeologia e comunicazione.$0(OLS)http://semarc/subject/7393 650 4$aComunicazione - Aspetti religiosi.$0(OLS)http://semarc/subject/7394 650 4$aComunicazione - Etica.$0(OLS)http://semarc/subject/7395 830 0$aGiornale di teologia ;$v202.$0(OLS)http://semarc/title/419620 850 $aSeMil 852 $aSeMil$W1$xVenegono$y1$m2XA G 202$j265761$B3518$CSeMilBibl$Z2$F3518 $81 961 $aOmaggio: Scuola Cattolica 996 $6020$a88-399-0702-5$9(OLS)http://semarc/number/6340 996 $6245$aComunicazione come ecumene :$bil significato antropologico e teologico dell'etica comunicativa$9(OLS)http://semarc/title/52259 996 $6260$aBrescia :$bQueriniana$9(OLS)http://semarc/publisher/29615 LEADER 01276nam a2200265 i 4500 001 000000126304 003 CaOOAMICUS 005 20240730102953.0 008 091118s1972 gw u000 u ger u 020 $a3-451-00723-1 040 $aSeMil$bita 100 1 $aWillems, Bonifac Adrianus .$0(OLS)http://semarc/name/21416 245 10$a3c: Soteriologie :$bvon der Reformation bis zur Gegenwart /$cvon Bonifac A. Willems ; unter Mitarbeit von Reinhold Weier. 260 $aFreiburg ; Basel ; Wien :$bHerder,$c1972. 300 $a88 p. ;$c27 cm. 650 4$aSoteriologia - Storia.$0(OLS)http://semarc/subject/24658 700 1 $aWeier, Reinhold.$0(OLS)http://semarc/name/22378 773 0 $t3: Christologie-Soteriologie-Ekklesiologie-Mariologie-Gnadenlehre.$dFreiburg ; Basel ; Wien : Herder, 1965.$g2$w()11605 850 $aSeMil 852 $aSeMil$W1$xVenegono$y1$m2BA O 3/2C$j249790$B80682$CSeMilBibl$Z2$F82907 $81 961 $aSottoscrizione: Herder 996 $6020$a3-451-00723-1$9(OLS)http://semarc/number/112427 996 $6245$a3c: Soteriologie :$bvon der Reformation bis zur Gegenwart$9(OLS)http://semarc/title/186168 996 $6260$aFreiburg ; Basel ; Wien :$bHerder$9(OLS)http://semarc/publisher/29643